000 01069nam a22003970a 4500
001 UByD002425
003 AR-LpoUNG
005 20240226123029.0
008 240226s2023||||ag |||||||||||||||||spa d
020 _a9789876307284
040 _aAR-LpoUNG
_bspa
_eaacr
041 _aspa
044 _aag
082 0 _a320.092 831alb
100 1 _aTrímboli, Javier
245 1 0 _aAlberto Flores Galindo :
_bla escritura de la historia
250 _a1ra. ed.
260 _aLos Polvorines :
_bUniversidad Nacional de General Sarmiento,
_c2023.
300 _a71 p.
490 0 _aPensadores y pensadoras de América Latina ;
_vno. 31
650 4 _aAMERICA LATINA
650 4 _aANALISIS DE CONTENIDO
650 4 _aANALISIS SOCIOLOGICO
650 4 _aBIOGRAFIAS
650 4 _aCOMUNISMO
650 4 _aIDEOLOGIAS POLITICAS
650 4 _aINTELECTUALES
650 4 _aMARXISMO
650 4 _aPERU
650 4 _aSOCIALISMO
650 4 _aREVOLUCION
650 4 _aHISTORIA
653 0 _aPENSAMIENTO LATINOAMERICANO
905 _a57494
942 _cLIB
_2ddc
999 _c64940
_d64940